000 00750 a2200205 4500
001 42046
005 20260407155711.0
008 260407a1965 arg spa d
003 AR-UNSa-BCEJYS
040 _aAR-UNSa-BCEJYS
_bspa
_cAR-UNSa-BCEJYS
080 _a347.451
_xVenta. Cesión. Compra (Inmueble...)
245 1 0 _aEl boleto de compraventa inmobiliaria
264 1 _aLa Plata :
_bEditora Platense
_c1965
300 _axv, 505 p.
_c22 cm.
505 _a1. El boleto a través de la doctrina y jurisprudencia - 2. Intento de un replanteo sobre el ser (naturaleza jurídica) del boleto de compraventa - 3. El boleto y las formas
041 _aspa
942 _cBK
590 _aniveau_biblio:m niveau_hierar:0
100 1 _aMorello, Augusto Mario
999 _c3571
_d3571